UITU Library & LRC     

Measuring The Success of Leadership Development: a step by step guide for measuring impact and calculating roi (Record no. 16176)

MARC details
000 -LEADER
fixed length control field 00543nam a2200181Ia 4500
008 - FIXED-LENGTH DATA ELEMENTS--GENERAL INFORMATION
fixed length control field 240925s9999 xx 000 0 und d
020 ## - INTERNATIONAL STANDARD BOOK NUMBER
International Standard Book Number 9788130932491
082 ## - DEWEY DECIMAL CLASSIFICATION NUMBER
Classification number 658.3124 PHI
100 ## - MAIN ENTRY--PERSONAL NAME
Personal name Philips, Patricia Pulliam
245 #0 - TITLE STATEMENT
Title Measuring The Success of Leadership Development: a step by step guide for measuring impact and calculating roi
250 ## - EDITION STATEMENT
Edition statement 1st
260 ## - PUBLICATION, DISTRIBUTION, ETC.
Place of publication, distribution, etc. New Delhi:
Name of publisher, distributor, etc. Viva Books
Date of publication, distribution, etc. ,2017.
300 ## - PHYSICAL DESCRIPTION
Extent 235p.
Other physical details NA
Type of unit Original
500 ## - GENERAL NOTE
General note Includes Index
600 ## - SUBJECT ADDED ENTRY--PERSONAL NAME
Personal name Management
650 ## - SUBJECT ADDED ENTRY--TOPICAL TERM
Topical term or geographic name entry element Management
942 ## - ADDED ENTRY ELEMENTS (KOHA)
Koha item type Books
Holdings
Withdrawn status Lost status Damaged status Not for loan Collection Home library Current library Date acquired Source of acquisition Cost, normal purchase price Total checkouts Full call number Barcode Date last seen Price effective from Koha item type
        Managament Sciences UITU Library UITU Library 01/20/2019 Allied Book Company 2358.21   658.3124 PHI Q13677 09/25/2024 09/25/2024 Books

Powered by Koha